Acres of Diamonds/ (Record no. 171229)

MARC details
000 -LEADER
fixed length control field 00521nam a22001817a 4500
005 - DATE AND TIME OF LATEST TRANSACTION
control field 20200203172836.0
010 ## - LCCN (DPL NO)
LC control number ENG-127333
020 ## - INTERNATIONAL STANDARD BOOK NUMBER
International Standard Book Number 9789382025771
Terms of availability 150.00
035 ## - SYSTEM CONTROL NUMBER
System control number EN-110865
037 ## - SOURCE OF ACQUISITION
Source of stock number/acquisition DBAD/PUB
082 ## - DEWEY DECIMAL CLASSIFICATION NUMBER
Classification number 808.85
100 ## - MAIN ENTRY--PERSONAL NAME
Personal name Conwell,Russell H
245 ## - TITLE STATEMENT
Title Acres of Diamonds/
Statement of responsibility, etc by Russell H. Conwell
260 ## - PUBLICATION, DISTRIBUTION, ETC. (IMPRINT)
Place of publication, distribution, etc New Delhi
Name of publisher, distributor, etc Pigeon books India
Date of publication, distribution, etc 2014
270 ## - ADDRESS
Address 16,Ansari Road,Darya Ganj
City New Delhi
Postal code 110002
300 ## - PHYSICAL DESCRIPTION
Extent 157p.
Dimensions 22cm(pbk)
942 ## - ADDED ENTRY ELEMENTS (KOHA)
Source of classification or shelving scheme Dewey Decimal Classification
Item type English Books
Classification part 808.85
Call number prefix CON
Holdings
Withdrawn status Lost status Not for loan Collection code Home library Current library Date acquired Source of acquisition Cost, normal purchase price Full call number Barcode Copy number Cost, replacement price Koha item type
      Non-fiction Sarojini Nagar Sarojini Nagar 09/01/2020 DBAD/PUB 150.00 808.85 EN-110865 1 150.00 English Books

© Delhi Public Library
Hit Counter
free hit counter